| 000 | 00358nam a22001457a 4500 | ||
|---|---|---|---|
| 020 | _a81-87430-13-3 | ||
| 082 |
_a030 _bDAK/M |
||
| 100 | _aDAKSHINAMOORTHI, M | ||
| 245 | _aMALAYALAM MALAYALAM ENGLISH DICTIONARY | ||
| 250 | _aFOURTH EDITION | ||
| 260 |
_aTIRUVALLA _bMERIDIAN PUBLISHERS _c2011 |
||
| 300 | _a1024 | ||
| 650 |
_aDICTIONARY _zINDIA |
||
| 942 | _cBK | ||
| 999 |
_c2053 _d2053 |
||